Countries Entirely Between 5° North and 5° South - Statistics

General Stats
  • This quiz has been taken 239 times
  • The average score is 7 of 9
Answer Stats
Country % Correct
Ecuador
89%
Equatorial Guinea
83%
Rwanda
78%
Burundi
77%
Gabon
77%
Uganda
75%
São Tomé and Príncipe
67%
Singapore
66%
Nauru
59%
No matching quizzes found
Score Distribution
Percent of People with Each Score
Percentile by Number Answered
Your Score History
You have not taken this quiz